000 00854nas a2200313 4500
001 BR2017001259
003 BR-BrBNA
005 20231205130926.0
007 ta
008 230509b bl.|||p| |||| 00| 00por d
040 _aBR-BrBNA
_bpor
_cBiblioteca Nacional de Agricultura
041 _a(Pt)
072 _aL01
100 1 _aFranzen, V.J.
100 1 _aStefaniak, L.C.
100 1 _aWeber, R.
245 1 _aFormas de uso do açúcar VHP na alimentação de abelhas Apis Mellifera
650 _aAPICULTURA
650 _aABELHA
650 _aNUTRIÇÃO
650 _aÁGUA
650 _aAÇÚCAR
650 _aMEL
650 _aTEMPERATURA
650 _aCOLMEIA
773 0 _tInformativo Zum Zum (Brazil)
_xISSN
_g(Oct-Dec 2016), v. 50(360) p. 6-9
_wBR2017001259
909 _a202311
_bLúcia
_c55
_dLúcia Elande
942 _2AGRIS
_n0
_cANA
999 _c252075
_d252075